| 000 | 01723nam a2200481Ii 4500 | ||
|---|---|---|---|
| 001 | DIGCSIC0239 | ||
| 003 | NyNyDIG | ||
| 007 | cr ||||||||||| | ||
| 008 | 210721s2016 sp a ob 000 0 spa d | ||
| 006 | m o d | ||
| 035 | _a(OCoLC)951593033 | ||
| 040 |
_aDGITA _beng _erda _epn _cDGITA |
||
| 020 |
_a9788400100469 _qeBook |
||
| 020 |
_z9788400100452 _q(CSIC) |
||
| 020 |
_z9788490971079 _q(Catarata) |
||
| 024 | 7 |
_a723-16-002-9 _qe-NIPO _2nipo |
|
| 024 | 7 |
_z723-16-001-3 _2nipo |
|
| 050 | 1 | 4 | _aZ103 ebook |
| 082 | 1 | 4 | _a652.8 |
| 100 | 1 |
_aHernandez Encinas, Luis, _eauthor. |
|
| 245 | 1 | 3 |
_aLa criptografía / _cLuis Hernández Encinas. |
| 264 | 1 |
_aMadrid : _bCSIC : _bLos Libros de la Catarata, _c[2016] |
|
| 300 |
_a1 online resource : _billustrations. |
||
| 336 |
_atext _btxt _2rdacontent |
||
| 337 |
_acomputer _bc _2rdamedia |
||
| 338 |
_aonline resource _bcr _2rdacarrier |
||
| 347 |
_atext file _2rdaft |
||
| 347 | _bPDF | ||
| 490 | 1 |
_aColección ¿Qué sabemos de? ; _v69 |
|
| 504 | _aIncludes bibliographical references. | ||
| 588 | 0 | _aOnline resource; title from PDF title page (Digitalia, viewed July 21, 2021) | |
| 650 | 0 | _aCryptography. | |
| 650 | 0 | _aComputer security. | |
| 650 | 0 | _aData encryption (Computer science). | |
| 655 | 0 | _aElectronic books. | |
| 791 | 2 |
_aDigitalia (Firm), _edistributor. |
|
| 793 | 0 |
_gDigitalia eBook Collection: _aEditorial CSIC |
|
| 776 | 0 | 8 |
_iPrint version: _aHernandez Encinas, Luis. _tCriptografía. _dMadrid : CSIC : Los Libros de la Catarata, [2016] _z9788400100452 |
| 830 | 0 |
_a¿Qué sabemos de? ; _v69. |
|
| 856 | 4 | 0 |
_3Digitalia Hispánica _uhttps://www.digitaliapublishing.com/a/42232/ |
| 910 | _aPremium collection: 2021 | ||
| 942 | _cRAA | ||
| 999 |
_c247175 _d247175 |
||